| 000 | 00607nam a22002057a 4500 | ||
|---|---|---|---|
| 003 | OSt | ||
| 005 | 20251007113902.0 | ||
| 008 | 160523b xxu||||| |||| 00| 0 eng d | ||
| 020 | _a0849321433 | ||
| 040 | _cDNLM | ||
| 082 | _a621.38 NOR 2004 | ||
| 100 |
_aNorthrop, Robert B. _98887 |
||
| 245 | _aAnalysis and application of Analog Electronic Circuits to Biomedical Instruntation | ||
| 260 | _aBoca Raton; CRC Press, 2004 | ||
| 300 | _axxi,547p; ill: 24cm | ||
| 504 | _aReferences, & index included | ||
| 650 |
_aAnalog electronics _98888 |
||
| 650 |
_aBiomedical circuits _98889 |
||
| 942 |
_2z _cO_SHELF |
||
| 999 |
_c4119 _d4119 |
||